ბათუმის შოთა რუსთაველის სახელმწიფო უნივერსიტეტის ბიბლიოთეკა

ფენიქსი. (ბიბ.ჩანაწერი № 42337)

000 -LEADER
fixed length control field 00778nam a2200241Ia 4500
001 - CONTROL NUMBER
control field 9033
003 - CONTROL NUMBER IDENTIFIER
control field GE_BSU
008 - FIXED-LENGTH DATA ELEMENTS--GENERAL INFORMATION
fixed length control field 181216s||||||||xx |||||||||||||| ||und||
040 ## - CATALOGING SOURCE
Transcribing agency GE_BSU
080 ## - UNIVERSAL DECIMAL CLASSIFICATION NUMBER
Universal Decimal Classification number 821.353.1–1
100 ## - MAIN ENTRY--PERSONAL NAME
Personal name კორნაპელი,გიორგი
245 ## - TITLE STATEMENT
Title ფენიქსი.
245 ## - TITLE STATEMENT
Remainder of title ლექსები და პოემები
245 ## - TITLE STATEMENT
Statement of responsibility, etc. რედ. ზაალ.ებანოიძე. მხატვ. მარსიანი
260 ## - PUBLICATION, DISTRIBUTION, ETC.
Place of publication, distribution, etc. ქუთაისი
260 ## - PUBLICATION, DISTRIBUTION, ETC.
Name of publisher, distributor, etc. მოწამეთა
260 ## - PUBLICATION, DISTRIBUTION, ETC.
Date of publication, distribution, etc. 1995
300 ## - PHYSICAL DESCRIPTION
Extent 344გვ.1ფ.პორტრ.20სმ.
653 ## - INDEX TERM--UNCONTROLLED
Uncontrolled term ლექსები და პოემები
653 ## - INDEX TERM--UNCONTROLLED
Uncontrolled term ფენიქსი.
942 ## - ADDED ENTRY ELEMENTS (KOHA)
Koha item type წიგნი
ეგზემპლარები
Withdrawn status Lost status Damaged status Not for loan Date acquired Barcode Date last seen Price effective from Koha item type
        2018-12-17 31678 2018-12-17 2018-12-17 წიგნი